000 01575nam0a2200349 4500
001 RU\NLR\bibl\162226
005 20250618054005.0
010 _a5-86093-048-8
_92000
021 _aRU
_b2000-43668
_92019
035 _a(NLR Aleph) 000159128
090 _a914949
_c914949
100 _a20010613d2000 |||y0rusy50 ca
101 0 _arus
102 _aRU
105 _aa |||||||||
200 1 _aЛекарственные растения и продукты пчеловодства, применяемые в стоматологии
_fН.В. Курякина, О.А. Алексеева, Т.А. Третьякова, В.Г. Макарова
210 _aМ.
_cМед. кн.
_aН.Новгород
_cИзд-во НГМА
_d2000
215 _a279, [1] c.
_cил.
_d21
300 _aПосвящ. 50-летию Рязан. гос. мед. ун-та им. акад. И.П. Павлова
320 _aБиблиогр. в конце кн. (213 назв.)
606 0 _aСтоматологические болезни
_xФармакотерапия
_91754154
_3RU\NLR\auth\661081576
606 0 _aСтоматологические болезни
_xТерапия продуктами пчеловодства
_92210787
_3RU\NLR\auth\661328056
686 _aР66-52
701 1 _aКурякина
_bН. В.
_4070
701 1 _aАлексеева
_bО. А.
_4070
701 1 _aТретьякова
_bТ. А.
_4070
701 1 _aМакарова В.Г.
_4070
801 0 _aRU
_bNLR
_c20010613
_gPSBO
801 1 _aRU
_bNLR
_c20010613
942 _cBOOK
980 _aNB